000 00721nas a2200229 4500
001 BR7303206
003 BR-BrBNA
005 20231205082453.0
007 ta
008 230509b bl.|||p| |||| 00| 00por d
040 _aBR-BrBNA
_bpor
_cBiblioteca Nacional de Agricultura
041 _a(Pt)
072 _aF00
100 1 _aGodoy Junior, C.
100 1 _aGraner, E.A.
245 1 _aSombreamento dos cafezais; 4. Resultados de mais dois bienios 1963/1964, 1965/1966
650 _aCAFE
650 _aSOMBREAMENTO
773 0 _tAnais da Escola Superior de Agricultura Luiz de Queiroz (Brazil)
_xISSN 0071-1276
_g(1967), v. 24(24) p. 1-17
_wBR7303206
909 _a202311
_bLúcia
_c55
_dLúcia Elande
942 _2AGRIS
_n0
_cANA
999 _c92099
_d92099